Score 0/15 Timer 04:00
3 Plays Today
Year Movie % Correct
1986Top Gun
88.3%
1996Mission: Impossible
87.7%
1983Risky Business
67.6%
1996Jerry Maguire
51%
2001Vanilla Sky
49.7%
2002Minority Report
42.8%
1988Rain Man
41.9%
2012Jack Reacher
38.8%
Year Movie % Correct
2008Tropic Thunder
35.4%
2017The Mummy
29.4%
1993The Firm
23%
1983The Outsiders
22.2%
2017American Made
18.9%
1981Endless Love
8.2%
1983Losin' It
8.2%

You're not logged in!

Compare scores with friends on all Sporcle quizzes.
OR
Log In

Sporcle TV

Today on Sporcle TV


Watch our educational content, quiz creation guides, and fun videos on Sporcle TV.

Show Comments

Extras

Top Quizzes Today


Score Distribution

Paid Content

Your Account Isn't Verified!

In order to create a playlist on Sporcle, you need to verify the email address you used during registration. Go to your Sporcle Settings to finish the process.

Report this User

Report this user for behavior that violates our Community Guidelines.

Details: